000
00284nam a2200133Ia 4500
100
_a
Bristow/Geoff
942
_c
RB
654
_a
Electronic
245
_a
Electronic speech synthesis
260
_b
McGraw Hill
_c
1984
082
_a
621.3819
_b
BRI
300
_a
346
546
_a
ENGLISH
999
_c
34881
_d
34881